[Event "Torshavn op 3rd"]
[Site "Torshavn"]
[Date "2000.10.10"]
[Round "5"]
[White "Thomsen, Torbjorn"]
[Black "Petersen, Terji"]
[Result "1/2-1/2"]
[WhiteElo "2202"]
[BlackElo "2142"]
[PlyCount "107"]
[EventDate "2000.10.06"]
[EventType "swiss"]
[EventRounds "9"]
[EventCountry "FAI"]
[SourceTitle "CBM 078 Extra"]
[Source "ChessBase"]
[SourceDate "2000.11.10"]
[SourceVersion "1"]
[SourceVersionDate "2000.11.10"]
[SourceQuality "1"]

1. d4 Nf6 2. c4 e6 3. Nf3 d5 4. e3 Be7 5. Nc3 0-0 6. Be2 Nbd7 7. 0-0 b6 8. cxd5 exd5 9. b3 Bb7 10. Bb2 Re8 11. Rc1 c6 12. Bd3 Rc8 13. Qc2 Bd6 14. Bf5 Rc7 15. h3 Qe7 16. Nd2 g6 17. Bd3 Rcc8 18. Rfd1 Bb8 19. Nf1 Qd6 20. Qe2 Rcd8 21. Ba6 Ba8 22. Bd3 Bb7 23. a4 Nh5 24. Qd2 f5 25. Ne2 Ndf6 26. Rc2 Ne4 27. Qc1 Qf6 28. b4 f4 29. f3 Ng5 30. e4 Qe6 31. e5 Rf8 32. Kh2 Rc8 33. b5 c5 34. dxc5 bxc5 35. Rxc5 Bxe5 36. Nd4 Qf6 37. Be2 Ng7 38. Ba1 Rfd8 39. a5 Ne4 40. Nc6 Bxa1 41. fxe4 Bxc6 42. Rxc6 Rxc6 43. Qxc6 dxe4 44. Rxd8+ Qxd8 45. Qxe4 Qb8 46. Qc4+ Kh8 47. Bf3 Nf5 48. Nd2 Ne3 49. Qc6 Bd4 50. h4 Qd8 51. Qa8 Ng4+ 52. Kh1 Nf2+ 53. Kh2 Ng4+ 54. Kh3 1/2-1/2

[Event "Torshavn op 3rd"]
[Site "Torshavn"]
[Date "2000.10.08"]
[Round "3"]
[White "Naes, Flovin Tor"]
[Black "Thomsen, Torbjorn"]
[Result "1-0"]
[WhiteElo "2271"]
[BlackElo "2202"]
[PlyCount "69"]
[EventDate "2000.10.06"]
[EventType "swiss"]
[EventRounds "9"]
[EventCountry "FAI"]
[SourceTitle "CBM 078 Extra"]
[Source "ChessBase"]
[SourceDate "2000.11.10"]
[SourceVersion "1"]
[SourceVersionDate "2000.11.10"]
[SourceQuality "1"]

1. e4 c6 2. d4 d5 3. exd5 cxd5 4. c4 Nf6 5. Nc3 e6 6. Nf3 Nc6 7. Bd3 a6 8. a3 dxc4 9. Bxc4 b5 10. Ba2 Ne7 11. Bg5 Bb7 12. 0-0 Ned5 13. Ne4 Ra7 14. Re1 Be7 15. Nc5 0-0 16. Ne5 Ba8 17. Qd3 h6 18. Bxf6 Nxf6 19. Nxe6 Qd6 20. Nxf8 Bxf8 21. Rac1 Bd5 22. Bxd5 Qxd5 23. Rc8 Re7 24. Qc3 Ne8 25. Nc6 Re6 26. Rxe8 Rxc6 27. Qb4 Rd6 28. Rc8 Rd8 29. Re8 Rxc8 30. Qxf8+ Kh7 31. Rxc8 Qxd4 32. h3 Qxb2 33. Qxf7 Qa1+ 34. Kh2 Qe5+ 35. f4 1-0

[Event "Torshavn op 3rd"]
[Site "Torshavn"]
[Date "2000.10.07"]
[Round "2"]
[White "Thomsen, Torbjorn"]
[Black "Bykhovsky, Anatoly A"]
[Result "1/2-1/2"]
[WhiteElo "2202"]
[BlackElo "2393"]
[PlyCount "97"]
[EventDate "2000.10.06"]
[EventType "swiss"]
[EventRounds "9"]
[EventCountry "FAI"]
[SourceTitle "CBM 078 Extra"]
[Source "ChessBase"]
[SourceDate "2000.11.10"]
[SourceVersion "1"]
[SourceVersionDate "2000.11.10"]
[SourceQuality "1"]

1. d4 d5 2. Nf3 c6 3. Bf4 Nf6 4. e3 Qb6 5. Qc1 Ne4 6. Nbd2 Nxd2 7. Nxd2 Bf5 8. c4 Nd7 9. c5 Qd8 10. b4 h6 11. Qc3 g5 12. Bg3 Bg7 13. Be2 0-0 14. 0-0 a6 15. Rae1 Re8 16. f4 g4 17. Bh4 Bf6 18. Bf2 Bg7 19. a4 h5 20. Bd1 Nf6 21. Bh4 Ne4 22. Nxe4 Bxe4 23. h3 Qd7 24. hxg4 hxg4 25. Kf2 Qf5 26. Kg3 Qg6 27. Re2 f5 28. Rh1 Kf7 29. Ree1 Rh8 30. Kf2 Rh5 31. Bg3 Bf6 32. Bc2 Rah8 33. Rxh5 Qxh5 34. Bxe4 fxe4 35. Ke2 Qf5 36. Rg1 Rh5 37. Qc1 Qh7 38. Qe1 Ke6 39. Qf2 Kf5 40. Qe1 Qh8 41. Qd1 Rh7 42. a5 Bh4 43. Qe1 Bxg3 44. Qxg3 Rh2 45. Kf2 Qh3 46. Re1 Qh5 47. Rg1 Rh1 48. Kf1 Qh6 49. Kf2 1/2-1/2

[Event "FAI-ch"]
[Site "Oyrabakki"]
[Date "2000.04.15"]
[Round "1"]
[White "Nolsoe, Eydun"]
[Black "Thomsen, Torbjorn"]
[Result "0-1"]
[WhiteElo "2178"]
[BlackElo "2169"]
[PlyCount "120"]
[EventDate "2000.04.15"]
[EventType "tourn"]
[EventRounds "9"]
[EventCountry "FAI"]
[SourceTitle "CBM 075 Extra"]
[Source "ChessBase"]
[SourceDate "2000.05.11"]
[SourceVersion "2"]
[SourceVersionDate "2000.05.11"]
[SourceQuality "1"]

1. e4 c6 2. d4 d5 3. Nc3 dxe4 4. Nxe4 Bf5 5. Ng3 Bg6 6. Nf3 e6 7. h4 h6 8. Ne5 Bh7 9. Bc4 Nf6 10. Qe2 Be7 11. Nxf7 Kxf7 12. Qxe6+ Ke8 13. Qf7+ Kd7 14. Be6+ Kc7 15. Bf4+ Kb6 16. Qxg7 Bxc2 17. Bf5 Bxf5 18. Nxf5 Nh5 19. Qg4 Nxf4 20. Qxf4 Bb4+ 21. Kf1 Qd5 22. Ne3 Qb5+ 23. Kg1 a5 24. d5 Nd7 25. dxc6 bxc6 26. Qd4+ Kc7 27. Rc1 Bc5 28. Qf4+ Bd6 29. Qd4 Be5 30. Qe4 Rae8 31. Qc2 Nb6 32. b3 Re6 33. a4 Qb4 34. Qd3 Rd8 35. Qa6 Bf4 36. Qa7+ Kc8 37. Qf7 Red6 38. Qf5+ Kb7 39. Rf1 Bxe3 40. fxe3 Rd1 41. Rh3 Rxf1+ 42. Qxf1 Qxb3 43. Qf4 Qd1+ 44. Kh2 Qd6 45. Rf3 Nxa4 46. g4 Nc5 47. Kg2 Qxf4 48. exf4 a4 49. g5 h5 50. f5 Kb6 51. g6 Ne4 52. f6 Nxf6 53. Rxf6 a3 54. Rf3 Ra8 55. g7 a2 56. Rf8 a1Q 57. g8Q Qb2+ 58. Kg1 Qc1+ 59. Kg2 Qd2+ 60. Kf3 Qd5+ 0-1

[Event "Olympiad-33"]
[Site "Elista"]
[Date "1998.10.03"]
[Round "5.4"]
[White "Thomsen, Torbjorn"]
[Black "Kovacevic, Vlatko"]
[Result "0-1"]
[WhiteElo "2165"]
[BlackElo "2520"]
[PlyCount "118"]
[EventDate "1998.09.29"]
[EventType "team-swiss"]
[EventRounds "13"]
[EventCountry "RUS"]
[SourceTitle "CBM 068"]
[Source "ChessBase"]
[SourceDate "1999.02.01"]
[SourceVersion "1"]
[SourceVersionDate "1999.02.01"]
[SourceQuality "1"]
[WhiteTeam "Faroe Islands"]
[BlackTeam "Croatia"]
[WhiteTeamCountry "FAI"]
[BlackTeamCountry "CRO"]

1. e4 Nf6 2. Nc3 d5 3. exd5 Nxd5 4. Nxd5 Qxd5 5. d4 Nc6 6. Be3 e5 7. Nf3 Bg4 8. dxe5 Bxf3 9. Qxf3 Qxf3 10. gxf3 Nxe5 11. Be2 0-0-0 12. f4 Nc6 13. c3 f5 14. 0-0 Bd6 15. Rad1 a6 16. Kg2 Rde8 17. Bf3 Ne7 18. Bh5 Ng6 19. Rfe1 Re4 20. Bxg6 hxg6 21. Bc1 Rxe1 22. Rxe1 Kd7 23. h3 Rh4 24. b3 b5 25. Re2 Bxf4 26. Bxf4 Rxf4 27. Kg3 g5 28. f3 b4 29. Rd2+ Ke6 30. c4 c6 31. c5 Ke5 32. Rd6 Rd4 33. Rxc6 Rd2 34. Rxa6 f4+ 35. Kg4 Rg2+ 36. Kh5 Rg3 37. Rd6 Rxh3+ 38. Kxg5 Rxf3 39. Rd8 Rg3+ 40. Kh4 Rg6 41. c6 Rxc6 42. Kg4 Rg6+ 43. Kf3 Rg3+ 44. Kf2 g5 45. Rb8 Rc3 46. Rxb4 Rc2+ 47. Kf3 Rxa2 48. Rb5+ Kf6 49. Rb6+ Kf5 50. Rb5+ Kg6 51. Rb8 Rc2 52. Rg8+ Kf6 53. b4 Rc3+ 54. Kf2 Rb3 55. Rb8 Kf5 56. b5 Rb2+ 57. Kg1 Kg4 58. b6 Kg3 59. Kf1 f3 0-1

[Event "Nordic Grand Prix"]
[Site "Torshavn"]
[Date "1997.??.??"]
[Round "5"]
[White "Thomsen, Torbjorn"]
[Black "Antonsen, Mikkel"]
[Result "1/2-1/2"]
[WhiteElo "2170"]
[BlackElo "2410"]
[PlyCount "106"]
[EventDate "1997.02.07"]
[EventType "swiss"]
[EventRounds "9"]
[EventCountry "FAI"]
[SourceTitle "CBM 056 Extra"]
[Source "ChessBase"]
[SourceDate "1997.03.01"]
[SourceVersion "1"]
[SourceVersionDate "1997.03.01"]
[SourceQuality "1"]

1. e4 e6 2. d4 d5 3. exd5 exd5 4. Bd3 Nc6 5. c3 Bd6 6. h3 Nge7 7. Nf3 Be6 8. Ng5 Qd7 9. Nxe6 fxe6 10. 0-0 e5 11. dxe5 Nxe5 12. Bc2 0-0-0 13. Bf4 Rhf8 14. Bxe5 Bxe5 15. Nd2 Kb8 16. Nb3 c6 17. Qg4 Qd6 18. Rae1 Ng8 19. Qg5 Bf6 20. Qh5 h6 21. Re2 Ne7 22. Rfe1 c5 23. Re6 Qc7 24. Qe2 Nc8 25. Qb5 Be7 26. Na5 Bd6 27. Nb3 Nb6 28. Re8 a6 29. Rxd8+ Qxd8 30. Qe2 Nc4 31. Bb1 Qg5 32. Rd1 h5 33. Nd2 Nxb2 34. Nf3 Rxf3 35. Qxb2 Kc7 36. c4 Rf6 37. Rxd5 Qf4 38. g3 Qxc4 39. Rg5 Rf7 40. Bg6 Re7 41. Bxh5 Re1+ 42. Kg2 Qf1+ 43. Kf3 Qh1+ 44. Kg4 Qe4+ 45. f4 Qe6+ 46. Kf3 Qxh3 47. Rxg7+ Be7 48. Rh7 Qf5 49. Rh6 b5 50. Qd2 Re6 51. Qa5+ Kb7 52. Rxe6 Qxe6 53. Kg2 c4 1/2-1/2